000
00217 a2200097 4500
001
48567
100
_a
Shanks, M
245
_a
Britain and the New Europe
260
_a
London
_b
Chatto windus
_c
090
_c
31497
_d
31497
942
_a
NUST-CAE
_c
M
_c
23888
999
_c
283640
_d
283640